000 00696nam a2200193 a 4500
001 000022460
005 20200930021627.0
008 090713s1993 cu 001 p spa d
020 _a959100477X
040 _aDO-SdBNP
_bspa
_cBNPHU
082 _aCu861.44
_bP745c, 1994
245 0 0 _aPoesía cubana de amor :
_bsiglo XX /
_cselección y nota introductoria Luis Rogelio Nogueras ; edición Eliana Dávila.
260 _bLa Habana :
_bLetras Cubanas
_bInstituto Cubano del Libro,
_c1993.
300 _a195 p. ;
_c20 cm.
650 4 _aPoesía cubana
_ySIGLO XX
_99139
650 4 _aLiteratura cubana
_ySIGLO XX
_99186
700 1 2 _aNogueras, Luis Rogelio
_911226
700 1 2 _aDávila, Eliana
_eed.
_911227
999 _c21958
_d21958